| 000 | 01395nam a2200313 c 4500 | ||
|---|---|---|---|
| 003 | BLK | ||
| 005 | 20180422110234.0 | ||
| 008 | 180409b bul|||||r ||||||| ||bul|| | ||
| 010 | _aKNG00119963000 | ||
| 040 | _aBLK | ||
| 041 |
_aBUL _cBUL |
||
| 080 |
_aПортугалска литература _b821.134.3 _x-32 _z821.134.3-32 |
||
| 100 | 1 |
_aЕса ди Кейрош, Жузе Мария _eпърви автор _9295558 |
|
| 700 | 1 |
_aАнгелов, Димитър _eпрев. от португ. _9363623 |
|
| 700 | 1 |
_aАнгелов, Димитър _eс предг. от _9363623 |
|
| 139 |
_aЕса ди Кейрош, Жузе Мария _bЕ 85 |
||
| 245 | 1 | 0 |
_aСтранностите на младата блондинка _bРазкази _cЖузе Мария Еса ди Кейрош; прев. от португ. Димитър Ангелов; с предг. от Димитър Ангелов. |
| 257 | _aPG | ||
| 260 |
_аСофия _bПрофиздат _c1984 _fВраца : В. Александров |
||
| 300 |
_a152 с. _c17 см |
||
| 380 | _aX | ||
| 490 | 1 | _aБиблиотека Факел | |
| 500 | _aПрев. е направен от Obras de Eca Queiroz - Contos / Eca de Queiroz. - 39 450 тир. | ||
| 852 | _aЦб І 21439 | ||
| 856 | 4 |
_qpdf _u |
|
| 856 | 4 |
_qpdf _u |
|
| 942 |
_cKNG _n0 |
||
| 944 |
_aCR _c19.10.2016 _kКина_Георгиева |
||
| 944 |
_aED _c19.10.2016 _kКина_Георгиева |
||
| 999 |
_c114532 _d114532 |
||